| 000 | 00572nam a2200217Ia 4500 | ||
|---|---|---|---|
| 008 | 170203s9999 xx 000 0 und d | ||
| 020 | _a1416974733 | ||
| 050 | _a302.3 | ||
| 050 | _b.J42j 2008 | ||
| 100 | _aMcGraw, Jay. | ||
| 245 | _aLife Strategies for dealing with bullies / | ||
| 245 | _cJay McGraw : illustrated by Steve Björkman | ||
| 260 | _aNew York : | ||
| 260 | _bAladdin | ||
| 260 | _c2008 | ||
| 300 | _a177 pages ; | ||
| 300 | _billustrations ; | ||
| 300 | _c21 cm. | ||
| 500 | _awith an introduction by Dr. Phil McGraw. | ||
| 650 | _aBullying | ||
| 999 |
_c305428 _d305428 |
||